LIBRARY & INFORMATION CENTRE, KCAET, TAVANUR

ONLINE PUBLIC ACCESS CATALOGUE (OPAC)

Groundwater / (Record no. 7385)

MARC details
000 -LEADER
fixed length control field 00302cam a2200133ua 4500
020 ## - INTERNATIONAL STANDARD BOOK NUMBER
ISBN 9788122419047
082 ## - DEWEY DECIMAL CLASSIFICATION NUMBER
Classification number 551.49
Item number RAG/GR
100 ## - MAIN ENTRY--AUTHOR NAME
Personal name Raghunath, H M .
245 ## - TITLE STATEMENT
Title Groundwater /
250 ## - EDITION STATEMENT
Edition statement 2 /
260 ## - PUBLICATION, DISTRIBUTION, ETC. (IMPRINT)
Place of publication New Delhi :
Name of publisher Wiley Eastern Ltd ,
Year of publication 1992.
300 ## - PHYSICAL DESCRIPTION
Number of Pages 563 ; .
942 ## - ADDED ENTRY ELEMENTS (KOHA)
Koha item type Books
Holdings
Withdrawn status Lost status Damaged status Home library Current library Shelving location Date acquired Full call number Accession Number Koha item type Collection code Cost, normal purchase price
      KAUAET KAUAET Scheme 07/04/2012 551.49 RAG/GR 18853 Book Bank scheme for SC students    
      KAUAET KAUAET   07/04/2012 551.49 RAG/GR 18758 Books    
      KAUAET KAUAET   07/04/2012 551.49 RAG/GR 19047 Books    
      KAUAET KAUAET   07/04/2012 551.49 RAG/GR 19089 Books    
      KAUAET KAUAET   07/04/2012 551.49 RAG/GR 17647 Books    
      KAUAET KAUAET General Stacks 31/03/2012 551.49 RAG/GR 22594 Books Non-fiction  
      KAUAET KAUAET General Stacks 31/03/2012 551.49 RAG/GR 22595 Books Non-fiction  
      KAUAET KAUAET General Stacks 31/03/2012 551.49 RAG/GR 22596 Books Non-fiction  
      KAUAET KAUAET General Stacks 31/03/2012 551.49 RAG/GR 22597 Books Non-fiction  
      KAUAET KAUAET General Stacks 31/03/2012 551.49 RAG/GR 22598 Books Non-fiction  
      KAUAET KAUAET General Stacks 31/03/2012 551.49 RAG/GR 22599 Books Non-fiction  
      KAUAET KAUAET General Stacks 31/03/2012 551.49 RAG/GR 22600 Books Non-fiction  
      KAUAET KAUAET General Stacks 31/03/2012 551.49 RAG/GR 22601 Books Non-fiction  
      KAUAET KAUAET General Stacks 31/03/2012 551.49 RAG/GR 22602 Books Non-fiction  
      KAUAET KAUAET General Stacks 31/03/2012 551.49 RAG/GR 22603 Books Non-fiction  
      KAUAET KAUAET General Stacks 31/03/2012 551.49 RAG/GR 22255 Books Non-fiction 450.00
      KAUAET KAUAET   31/08/2018 551.49 RAG/GR 18851 Books    
      KAUAET KAUAET   31/08/2018 551.49 RAG/GR 18852 Books    
free website counter